[Event "Landsturneringen NM i sjakk 2013"]
[Site "Radisson Blu Lillehammer Hotel"]
[Date "2013.06.29"]
[Round "9"]
[White "Johansen, Lars"]
[Black "Haugsrud, Håkon"]
[Result "1-0"]
[WhiteElo "1822"]
[BlackElo "1870"]
[PlyCount "59"]
[EventDate "2013.??.??"]

1. e4 e6 2. d4 d5 3. Nc3 Bb4 4. e5 c5 5. a3 Bxc3+ 6. bxc3 Ne7 7. Qg4 Qc7 8.
Qxg7 Rg8 9. Qxh7 cxd4 10. Ne2 Nbc6 11. f4 Bd7 12. Qd3 dxc3 13. Nxc3 a6 14. Rb1
Na5 15. h3 O-O-O 16. g4 Ng6 17. Kf2 f6 18. exf6 Nxf4 19. Qd4 Nh5 20. gxh5 Qg3+
21. Ke2 e5 22. Qc5+ Bc6 23. f7 d4 24. fxg8=Q Qf3+ 25. Ke1 Rxg8 26. Nd5 Qe4+ 27.
Be3 Rg3 28. Qf8+ Kd7 29. Qe7+ Kc8 30. Qc7# 1-0

[Event "Landsturneringen NM i sjakk 2013"]
[Site "Radisson Blu Lillehammer Hotel"]
[Date "2013.06.29"]
[Round "9"]
[White "Hagen, Brede"]
[Black "Larsen, Tor Ketil"]
[Result "1-0"]
[WhiteElo "1897"]
[BlackElo "1940"]
[PlyCount "85"]
[EventDate "2013.??.??"]

1. e4 d6 2. Nc3 g6 3. d4 Nf6 4. g3 Bg7 5. Bg2 c6 6. Nge2 O-O 7. O-O e5 8. h3
Qb6 9. d5 c5 10. a4 Ne8 11. g4 f5 12. gxf5 gxf5 13. exf5 Bxf5 14. Ng3 Bg6 15.
h4 Rf4 16. h5 Rd4 17. Qe2 Bf7 18. Nf5 Nf6 19. h6 Bf8 20. Nxd4 cxd4 21. Ne4 Nxd5
22. Ng5 Nf6 23. Nxf7 Kxf7 24. Qc4+ d5 25. Bxd5+ Nxd5 26. Qxd5+ Kf6 27. Qf3+ Ke7
28. Bg5+ Ke8 29. Qh5+ Qg6 30. Qxg6+ hxg6 31. Rae1 Nc6 32. f4 Be7 33. h7 Kd7 34.
Bxe7 Kxe7 35. fxe5 Rh8 36. Rf6 Rxh7 37. Rxg6 Nb4 38. Re2 d3 39. cxd3 Nxd3 40.
Rc2 Nxe5 41. Rc7+ Nd7 42. Rxb7 a5 43. Ra7 1-0

[Event "Landsturneringen NM i sjakk 2013"]
[Site "Radisson Blu Lillehammer Hotel"]
[Date "2013.06.29"]
[Round "9"]
[White "Christenson, Bjørn Aa"]
[Black "Nilsen, Martin"]
[Result "1/2-1/2"]
[WhiteElo "1771"]
[BlackElo "1747"]
[PlyCount "89"]
[EventDate "2013.??.??"]

1. e4 e5 2. Nf3 Nc6 3. Bb5 Nf6 4. O-O Nxe4 5. d4 Nd6 6. Bxc6 dxc6 7. dxe5 Nf5
8. Qxd8+ Kxd8 9. b3 Bd7 10. Bb2 Be7 11. Nbd2 Kc8 12. Rad1 b6 13. h3 h6 14. Rfe1
Kb7 15. Ne4 Rad8 16. c4 c5 17. g4 Nh4 18. Nxh4 Bxh4 19. e6 Bxe6 20. Bxg7 Rxd1
21. Rxd1 Rg8 22. Bxh6 f5 23. Ng3 fxg4 24. hxg4 Rxg4 25. Kh2 Rd4 26. Re1 Bg4 27.
Kg2 Ka6 28. Ne2 Re4 29. Kf1 Bh3+ 30. Kg1 Rg4+ 31. Ng3 Bxg3 32. fxg3 Rxg3+ 33.
Kh2 Rd3 34. Bf4 Bg4 35. Rg1 Rh3+ 36. Kg2 Rc3 37. Bxc7 Bf5 38. Ra1 b5 39. cxb5+
Kxb5 40. Be5 Rc2+ 41. Kf3 Kb4 42. Ke3 Ka3 43. Bd6 a6 44. Rf1 Bd7 45. Kd3
1/2-1/2

[Event "Landsturneringen NM i sjakk 2013"]
[Site "Radisson Blu Lillehammer Hotel"]
[Date "2013.06.29"]
[Round "9"]
[White "Nygaard, Timmie"]
[Black "Opdahl, Andreas"]
[Result "1/2-1/2"]
[WhiteElo "1840"]
[BlackElo "1750"]
[PlyCount "56"]
[EventDate "2013.??.??"]

1. c4 g6 2. g3 Bg7 3. Bg2 d6 4. Nc3 e5 5. d3 Nf6 6. e4 O-O 7. Nge2 c6 8. O-O
Ne8 9. Rb1 Be6 10. h3 h6 11. f4 f5 12. Be3 Nd7 13. Qd2 Kh7 14. Kh2 a6 15. a3
Rb8 16. b4 c5 17. Nd5 Bxd5 18. cxd5 b6 19. Rfc1 Nef6 20. fxe5 Nxe5 21. Nf4 Qd7
22. Ne6 Rfc8 23. exf5 gxf5 24. Rf1 Qf7 25. Nxg7 Qxg7 26. Rxf5 Rg8 27. Bf4 Qg6
28. Be4 Nf3+ 1/2-1/2

[Event "Landsturneringen NM i sjakk 2013"]
[Site "Radisson Blu Lillehammer Hotel"]
[Date "2013.06.29"]
[Round "9"]
[White "Vigdal, Per Kr"]
[Black "Johnsen, Sylvia"]
[Result "1/2-1/2"]
[WhiteElo "1754"]
[BlackElo "1912"]
[PlyCount "51"]
[EventDate "2013.??.??"]

1. e4 c5 2. Nf3 d6 3. d4 cxd4 4. Nxd4 Nc6 5. Nc3 g6 6. Be3 Bg7 7. Be2 Nf6 8. f3
O-O 9. Qd2 Qc7 10. O-O a6 11. Rad1 b5 12. Kh1 Ne5 13. a4 Nc4 14. Bxc4 bxc4 15.
Na2 Bd7 16. a5 Rfb8 17. Qc3 Rb7 18. Qa3 Be8 19. Nb4 Bb5 20. c3 e6 21. Ne2 Nd7
22. f4 Bf8 23. f5 Nc5 24. Ng3 Na4 25. fxe6 fxe6 26. Rf6 1/2-1/2

[Event "Landsturneringen NM i sjakk 2013"]
[Site "Radisson Blu Lillehammer Hotel"]
[Date "2013.06.29"]
[Round "9"]
[White "Sætre, Roger"]
[Black "Aartun, Eivind"]
[Result "1-0"]
[WhiteElo "1723"]
[BlackElo "1800"]
[PlyCount "67"]
[EventDate "2013.??.??"]

1. e4 c5 2. Nc3 d6 3. g3 Nc6 4. Bg2 g6 5. d3 Bg7 6. Be3 Nf6 7. h3 O-O 8. Nf3
Be6 9. Nh4 Qa5 10. O-O Nd7 11. Qd2 Rac8 12. a4 Qb4 13. Nd1 Qxd2 14. Bxd2 Nd4
15. Ne3 b6 16. f4 f5 17. exf5 gxf5 18. Nd5 Bxd5 19. Bxd5+ e6 20. Ba2 Rce8 21.
c3 Nc6 22. Rae1 d5 23. Re2 Nf6 24. Rfe1 Kf7 25. Nf3 h6 26. b4 a5 27. b5 Nd8 28.
Ne5+ Kg8 29. g4 Kh7 30. g5 hxg5 31. fxg5 Nh5 32. Nd7 Rf7 33. Nxb6 Rb7 34. Nxd5
1-0

[Event "Landsturneringen NM i sjakk 2013"]
[Site "Radisson Blu Lillehammer Hotel"]
[Date "2013.06.29"]
[Round "9"]
[White "Boger, Raymond"]
[Black "Tufta, Jon Gunnar"]
[Result "0-1"]
[WhiteElo "1922"]
[BlackElo "1740"]
[PlyCount "66"]
[EventDate "2013.??.??"]

1. c4 b6 2. Nc3 Bb7 3. e4 e6 4. g3 c5 5. Bg2 Nc6 6. d3 g6 7. Nge2 Bg7 8. O-O
Nge7 9. Be3 Nd4 10. Qd2 h5 11. Bxd4 cxd4 12. Nb5 d6 13. Nbxd4 h4 14. f4 hxg3
15. hxg3 e5 16. Nf3 Qd7 17. Kf2 f5 18. Ng5 Ng8 19. Rh1 Nh6 20. Bf3 O-O-O 21. a4
a5 22. b4 exf4 23. Rab1 fxg3+ 24. Kg2 fxe4 25. dxe4 Rdf8 26. Nxg3 Ng4 27. Rxh8
Rxh8 28. Qf4 Rh2+ 29. Kf1 Rf2+ 30. Kg1 Bd4 31. e5 Rxf3+ 32. Qxd4 Rxg3+ 33. Kf1
Qf5+ 0-1